| 000 | 00552nam a22001697a 4500 | ||
|---|---|---|---|
| 003 | OSt | ||
| 005 | 20260430012139.0 | ||
| 008 | 260430b |||||||| |||| 00| 0 eng d | ||
| 020 | _a971-8970-44-4. | ||
| 040 |
_aDWC-Main Lib. _cOC |
||
| 082 | _aRes. 808.85 St94 2000 | ||
| 100 | _aSilverio, Julio F. | ||
| 245 |
_aThe students' best loved declamation and monologue : _bpieces and poems in English and Pilipino/ _cJulio F. Silverio |
||
| 260 |
_bM&L Licudine Ent. _cc2000. |
||
| 300 |
_avi, 208 p. ; _c18 cm. |
||
| 942 |
_2ddc _cBK-0 CIRC _hRes. _n0 |
||
| 999 |
_c10054 _d10054 |
||